Datum a čas kvízu
21.5
Celkem bodů
Celkový počet nahraných bodů na tomto kvízu bez doplňovacích otázek.
2.
Pořadí na kvízu
Konečné umístění týmu na tomto kvízu.
Zaznamenané odpovědi
| # | Otázka | Odpověď | Body | Výsledky |
|---|---|---|---|---|
| 1. | Česká vláda ve středu jmenoval... | Michal Koudelka | 0 | |
| 2. | Až do pozdní noci se v pondělí... | nezvykle dlouhý stůl | 0 | |
| 3. | Ve čtvrtek začal již 72. roční... | Berlinale | 0 | |
| 4. | Ve věku 78 let v úterý zemřel... | dm drogerie | 0 | |
| 5. | NBA zaznamenala minulý týden n... | James Harden | 0 | |
| 6. | Začneme jedním ze základních a... | 1B 2D 3A 4C | 0 | |
| 7. | Jak se nazývá kreslicí materiá... | rudka | 0 | |
| 8. | Který španělský malíř žijící v... | Francisco Goya | 0 | |
| 9. | Na obrázku vidíme typ mikrotuž... | verzatilka (versatilka) | 1 | |
| 10. | Firma Koh-i-noor Hardtmuth je... | v Českých Budějovicích | 1 |